|
|
|
|
| LEADER |
00000nam0a2200000 4500 |
| 001 |
297651 |
| 005 |
20231102001028.0 |
| 020 |
|
|
|a RU
|b 82-15684
|
| 035 |
|
|
|a (RuTPU)RU\TPU\book\322785
|
| 090 |
|
|
|a 297651
|
| 100 |
|
|
|a 20150610d1981 m y0rusy5003 ca
|
| 101 |
0 |
|
|a rus
|
| 102 |
|
|
|a RU
|
| 105 |
|
|
|a y z 000zy
|
| 200 |
1 |
|
|a Советы и жизнь
|e [сборник]
|f под ред. Б. А. Ольховской
|
| 210 |
|
|
|a Москва
|c Известия
|d 1981
|
| 215 |
|
|
|a 269 с.
|
| 606 |
1 |
|
|a Советы народных депутатов
|x Право
|2 stltpush
|3 (RuTPU)RU\TPU\subj\55436
|9 73470
|
| 610 |
1 |
|
|a органы власти
|
| 610 |
1 |
|
|a избиратели
|
| 610 |
1 |
|
|a обязанности
|
| 610 |
1 |
|
|a деятельность
|
| 610 |
1 |
|
|a депутаты
|
| 610 |
1 |
|
|a советское право
|
| 686 |
|
|
|a Х620.6
|2 rubbk
|
| 702 |
|
1 |
|a Ольховская
|b Б. А.
|g Бэлла Абрамовна
|4 340
|
| 801 |
|
0 |
|a RU
|b RuMRKP
|c 19950704
|g psbo
|
| 801 |
|
1 |
|a RU
|b 63413507
|c 20150610
|
| 801 |
|
2 |
|a RU
|b 63413507
|c 20180330
|g RCR
|
| 942 |
|
|
|c BK
|